| 000 | 00977cam a22002771i 4500 | ||
|---|---|---|---|
| 001 | 1223093 | ||
| 003 | EG-ScBUE | ||
| 005 | 20240328103351.0 | ||
| 008 | 780307s1965 enkb f b 001 0aeng d | ||
| 040 |
_aDLC _beng _erda _cDLC _dDLC _dEG-ScBUE |
||
| 082 | 0 | 4 |
_a941.084092 _222 _bEDE |
| 100 | 1 |
_aEden, Anthony _cEarl of Avon _d1897-1977, _eauthor. _910483 |
|
| 245 | 1 | 4 | _aThe Eden memoirs. |
| 264 | 1 |
_aLondon : _bCassell, _c1965. |
|
| 300 |
_a3 volumes : _bmaps ; _c24 cm |
||
| 336 |
_2rdacontent _atext _btxt |
||
| 337 |
_aunmediated _2rdamedia _bn |
||
| 338 |
_avolume _bnc _2rdacarrier |
||
| 504 | _aIncludes bibliographical references and index. | ||
| 505 | 0 | _aVolume 1. Full circle -- Volume 2. Facing the dictators -- Volume 3. The reckoning. | |
| 600 | 1 | 7 |
_910483 _aEden, Anthony _cEarl of Avon _d1897-1977. _2BUEsh |
| 650 | 7 |
_910482 _aPrime ministers _zGreat Britain _vBiography. _2BUEsh |
|
| 655 | _vReading book | ||
| 942 |
_2ddc _cBB |
||
| 999 |
_c13759 _d13759 |
||